| 000 | 00403nam a22001577a 4500 | ||
|---|---|---|---|
| 003 | CEME | ||
| 005 | 20210628205116.0 | ||
| 008 | 210225b xxu||||| |||| 00| 0 eng d | ||
| 040 | _c. | ||
| 082 | _a0333 WAS | ||
| 100 |
_aDjordievic.A.R Sarkar.T.K _973944 |
||
| 245 | _aLinpar for matrix parametears for multi conductor transmission lines | ||
| 260 |
_bPDF _c1996 |
||
| 300 | _aPDF | ||
| 942 |
_cBK _2ddc |
||
| 999 |
_c579549 _d579549 |
||